000 01631nam a22004577a 4500
003 CHAP
005 20220329140930.0
008 971013s1996 r 00010 d
010 _a59976
011 _a60948
035 _a65112
040 _cCHAP
090 _aTesis
100 0 0 _aSánchez May, José Luis.
_9107691
245 _aPotencial alelopático de seis especies de maleza sobre la germinación y desarrollo de ocho cultivos agrícolas
260 _aChapingo, Méx. :
_bEl autor,
_c1996
300 _a94 h.
502 _aTesis (Ing. Agr. Esp. en Fitotecnia) -- UACH. Departamento de Fitotecnia
590 _aALEPH
_b10
_c20130110
_lUCH01
_h1338
590 _aBATCH-UPD
_b10
_c20130110
_lUCH01
_h0301
590 _aBATCH-UPD
_b10
_c20130110
_lUCH01
_h1413
590 _aBATCH-UPD
_b10
_c20130409
_lUCH01
_h2332
590 _aBATCH-UPD
_b10
_c20130410
_lUCH01
_h1413
590 _aBATCH-UPD
_b10
_c20130914
_lUCH01
_h0020
590 _aBATCH-UPD
_b10
_c20130914
_lUCH01
_h1741
590 _aCONVERSION
_b10
_c20130109
_lUCH01
_h1332
650 1 4 _aAlelopatia.
_93761
650 1 4 _aAlfalfa
_xGerminación.
_93867
650 1 4 _aAvena
_xGerminación.
_98522
650 1 4 _aCebada
_xGerminación.
_920682
650 1 4 _aFrijol
_xGerminación.
_943385
650 1 4 _aMaíz
_xGerminación.
_970965
650 1 4 _aMalas hierbas
_xCompetencia.
_970009
650 1 4 _aPepino
_xGerminación.
_986912
650 1 4 _aRábanos
_xGerminación.
_997855
650 1 4 _aTrigo
_xGerminación.
_9115031
901 _aBK
942 _cFOLL
949 _bBC
_cTES
_d-144149
_eTS1
_h28930
_i65112
_si
949 _bBC
_cTES
_d33724000084737
_eTS2
_fc.2
_h28931
_i65112
_si
999 _c59976
_d59976